000 00678nam a2200217 i 4500
001 134601
003 ES-MaACL
005 20230906194716.0
007 t|
008 070912s1963 sp ||||1| spa d
080 _a985".../15"
100 1 _aWedin, Aake.
_9116288
245 1 3 _aLa cronologĂ­a de la historia incaica /
_cpor Ake Wedin.
260 _aMadrid :
_bInsula,
_c1963.
300 _a86 p., 1 mapa ;
_c21 cm.
500 _aEn port.: Instituto Ibero-Americano. Gotemburgo, Suecia.
650 1 4 _aIncas-
_xHistoria.
_913646
710 2 _aInstituto Ibero-Americano (Göteborg)
_95089
852 _aES-MaACL
_jC-24629
_bR.52287
852 _aES-MaACL
_jC-24851
_bR.53046
999 _c134601
_d134601